[Event "HCL-A2598"]
[Site "www.playchess.de"]
[Date "2006.03.15"]
[Round "21"]
[White "victorabiodun03"]
[Black "mrchess"]
[WhiteElo "1378"]
[BlackElo "1470"]
[PlyCount "107"]
[Result "1-0"]

1.e4 c5 {good luck}  2.Nf3 Nc6 3.d4 cxd4 4.Nxd4 d6 
5.Nc3 Nf6 6.Be2 g6 7.O-O Bg7 8.Be3 O-O 9.Nb3 a6 
10.g4 b5 11.a3 Ne5 12.f3 Nc6 13.g5 Nd7 14.Nd4 Bb7 
15.Nd5 e6 16.Nc3 Qb6 17.Nf5 Qc7 18.Qxd6 Qd8 
19.Nxg7 Kxg7 20.Rad1 Ncb8 21.f4 Re8 22.Rd2 Qe7 
23.Qc7 Nf8 24.Qxe7 Rxe7 25.Rfd1 Nc6 26.Bc5 Rc7 
27.Bb6 Rcc8 28.R2d6 Rab8 29.Bf3 Ba8 30.Be3 Rcd8 
31.e5 Rdc8 32.Kf2 Kg8 33.Ne4 Ne7 34.Nf6+ Kg7 35.c3 
Bxf3 36.Kxf3 Nf5 37.Rxa6 Nxe3 38.Kxe3 Rc7 39.Rdd6 
Rbc8 40.Rab6 R7c5 41.Rb7 h6 42.gxh6+ Kxh6 43.Rxf7 
g5 44.Rxf8 gxf4+ 45.Kf3 Rxf8 46.Nd7 Rcc8 47.Rxe6+ 
Kg5 48.Nxf8 Rxf8 49.Rf6 Rh8 50.Rxf4 Rxh2 51.Ke4 
Rxb2 52.Rf3 Rb3 53.e6 Rxa3 54.e7 1-0

[Event "ACL-M083"]
[Site "www.playchess.de"]
[Date "2006.03.15"]
[Round "7"]
[White "Apollo"]
[Black "Relic"]
[WhiteElo "2124"]
[BlackElo "2158"]
[PlyCount "78"]
[Result "0-1"]

1.e4 {Enjoy the games.}  e5 2.Nf3 Nc6 3.Bb5 a6 
4.Ba4 Nf6 5.O-O Be7 6.Re1 b5 7.Bb3 O-O 8.c3 d6 
9.d4 Bg4 10.d5 Na5 11.Bc2 c6 12.h3 Bd7 13.Nxe5 
dxe5 14.d6 h6 15.dxe7 Qxe7 16.Nd2 c5 17.Qf3 Rfe8 
18.Rd1 Rab8 19.Nf1 Rbd8 20.Re1 Bc8 21.Ne3 Be6 
22.Qg3 Qc7 23.b3 Nh5 24.Qf3 Nf4 25.Nf5 c4 26.Bxf4 
exf4 27.Nd4 cxb3 28.axb3 Nc6 29.Nxc6 Qxc6 30.b4 
Rd2 31.Rac1 Red8 32.Red1 g5 33.h4 Qb6 34.Rde1 Bc4 
35.Bb1 Bd3 36.e5 Kg7 37.hxg5 hxg5 38.e6 Bxb1 39.e7 
R8d3 0-1

[Event "ACL-M083"]
[Site "www.playchess.de"]
[Date "2006.03.15"]
[Round "8"]
[White "Relic"]
[Black "Apollo"]
[WhiteElo "2158"]
[BlackElo "2124"]
[PlyCount "81"]
[Result "1-0"]

1.e4 {GL!}  e5 {You too.}  2.Nf3 Nc6 3.Bb5 a6 
4.Ba4 Nf6 5.O-O Be7 6.Re1 b5 7.Bb3 O-O 8.c3 d6 
9.d4 Bg4 10.d5 Na5 11.Bc2 c6 12.h3 Bc8 13.dxc6 Qc7 
14.Nbd2 Qxc6 15.Nf1 Nc4 16.Ng3 Re8 17.a4 Bb7 
18.Qe2 d5 19.exd5 Nxd5 20.b3 Nd6 21.axb5 axb5 
22.Rxa8 Bxa8 23.Nxe5 Qxc3 24.Bb2 Qb4 25.Nh5 Bf8 
26.Ra1 Bb7 27.Qd3 f5 28.Qg3 Re7 29.Rd1 Ne8 {Looks 
like I've blundered :-)}  30.Bxf5 {Looks like it.} 
 Qd6 31.Kh2 Qc7 32.f4 Qd6 33.Qh4 h6 34.Be4 Qe6 
35.f5 Qd6 36.Bxd5+ Bxd5 37.Qg3 b4 38.f6 Rc7 
39.fxg7 Rxg7 40.Nxg7 Bxg7 41.Rc1 1-0

[Event "HCL-M897"]
[Site "www.playchess.de"]
[Date "2006.03.15"]
[Round "5"]
[White "Catperson"]
[Black "Chuck_Ventimiglia"]
[WhiteElo "2116"]
[BlackElo "2053"]
[PlyCount "47"]
[Result "1/2-1/2"]

1.d4 {Hi, greetings from Bristol, UK. Have a great 
game!}  Nf6 {Hello and nice to meet you!!}  2.c4 
e6 3.Nf3 c5 4.Nc3 d5 5.cxd5 {Aha! A Tarrasch! I 
like this for both sides :-)}  Nxd5 {I play 
Tarrasch as White for French as well.}  6.e4 
{Tarrasch was a great man!}  Nxc3 7.bxc3 Qc7 
8.Bb5+ Bd7 9.a4 Be7 10.O-O Bxb5 11.axb5 O-O 12.Be3 
Nd7 13.Qe2 cxd4 14.cxd4 Rfc8 15.Rfc1 Qd8 16.Rxc8 
Qxc8 17.Qd3 a6 18.bxa6 bxa6 19.d5 exd5 20.exd5 a5 
21.h3 a4 22.Qe4 Bd6 23.Rxa4 Nf6 24.Rxa8 {(offering 
draw)}  1/2-1/2

[Event "HCL-A2608"]
[Site "www.playchess.de"]
[Date "2006.03.15"]
[Round "16"]
[White "Snillie"]
[Black "mrchess"]
[WhiteElo "1466"]
[BlackElo "1438"]
[PlyCount "93"]
[Result "1-0"]

1.c4 e5 2.g3 c6 3.Bg2 Nf6 4.d4 exd4 5.Qxd4 Be7 
6.Nf3 O-O 7.e4 c5 8.Qd3 d6 9.Nc3 Nc6 10.a3 Re8 
11.O-O Ne5 12.Qe2 Bg4 13.b3 a6 14.Qe3 Nxf3+ 
15.Bxf3 Bxf3 16.Qxf3 Nd7 17.Nd5 Nf6 18.Bb2 Nxd5 
19.exd5 Bf6 20.Bxf6 Qxf6 21.Qxf6 gxf6 22.Rfe1 Re5 
23.f4 Ree8 24.Kf2 Kf8 25.Rxe8+ Kxe8 26.Re1+ Kd7 
{(offering draw)}  27.Kf3 b5 28.Kg4 bxc4 29.bxc4 
Rb8 30.Re3 a5 31.Kf5 Rb2 32.h4 a4 33.Kxf6 Rb3 
34.Re7+ Kd8 35.Rxf7 Rxa3 36.g4 Rc3 37.Ke6 Rxc4 
38.Kxd6 Kc8 39.Kc6 Kb8 40.g5 a3 41.Rb7+ Ka8 42.Rb3 
Ra4 43.d6 a2 44.d7 Ra6+ 45.Rb6 Rxb6+ 46.Kxb6 a1Q 
47.d8Q+ 1-0

[Event "HCL-E1533"]
[Site "www.playchess.de"]
[Date "2006.03.15"]
[Round "33"]
[White "pj287"]
[Black "Abra"]
[WhiteElo "1722"]
[BlackElo "1500"]
[PlyCount "91"]
[Result "1-0"]

1.e4 {Hello From Port Jervis, NY. Have a good 
game.}  e5 {Hello, wish you a nice game from the 
Netherlands.
}  2.Nf3 d6 3.d4 exd4 4.Qxd4 Nc6 5.Bb5 Bd7 6.Bxc6 
Bxc6 7.Bg5 f6 8.Bh4 Qe7 9.Nc3 Qe6 10.O-O Nh6 
11.Rfe1 Nf7 12.Rad1 Be7 13.Nd5 Qd7 14.Bg3 O-O 
15.c4 Bxd5 16.exd5 b6 17.b4 a5 18.b5 Rae8 19.Qc3 
Bd8 20.Nd4 Rxe1+ 21.Rxe1 Ng5 22.f4 Nf7 23.Qe3 Nh6 
24.Nc6 Nf5 25.Qe4 Nxg3 26.hxg3 g6 27.Qe6+ Qxe6 
28.dxe6 Re8 29.e7 Bxe7 30.Rxe7 Rxe7 31.Nxe7+ Kf7 
32.Nd5 f5 33.Nxc7 Ke7 34.Nd5+ Ke6 35.Nxb6 h5 
36.Nd5 Kd7 37.Kh2 Kc8 38.Kh3 Kd8 39.Kh4 Ke8 40.Kg5 
Kf7 41.b6 a4 42.b7 a3 43.b8Q h4 44.Qc7+ Kf8 
45.Kxg6 Ke8 {Congratulations.}  46.Qe7+ {Thanks. 
Good game and good luck in your other games.} 
 1-0

[Event "HCL-A2627"]
[Site "www.playchess.de"]
[Date "2006.03.15"]
[Round "6"]
[White "GCP"]
[Black "Snillie"]
[WhiteElo "1445"]
[BlackElo "1462"]
[PlyCount "56"]
[Result "0-1"]

1.e4 {hello from Rome, have a good game}  d6 2.d4 
Nf6 3.Nc3 g6 4.Bg5 Bg7 5.Qd2 c6 6.a3 Nbd7 7.Nf3 h6 
8.Bf4 Qa5 9.b4 Qc7 10.Bd3 e5 11.Be3 Ng4 12.Ne2 
Nxe3 13.Qxe3 O-O 14.O-O exd4 15.Qd2 c5 16.Rfc1 Ne5 
17.Nxe5 dxe5 18.c3 Qd6 19.cxd4 cxd4 20.Rc2 Be6 
21.Rac1 Rfc8 22.g3 Rxc2 23.Rxc2 Rc8 24.Rb2 Qc6 
25.b5 Qc5 26.Rc2 Qxa3 27.f3 Bf8 28.Ra2 
Qxa2 0-1

[Event "HCL-E1533"]
[Site "www.playchess.de"]
[Date "2006.03.15"]
[Round "34"]
[White "temple"]
[Black "pj287"]
[WhiteElo "1727"]
[BlackElo "1722"]
[PlyCount "61"]
[Result "1-0"]

1.d4 {Hello,G.L.}  Nf6 {Hello from Port Jervis, 
NY. Have a good game.}  2.c4 {Happy New Year!}  g6 
{Same to you.}  3.Nc3 Bg7 4.e4 d6 5.f4 O-O 6.Nf3 
c5 7.d5 Bg4 8.Bd3 Nbd7 9.O-O a6 10.h3 Bxf3 11.Qxf3 
Rb8 12.b3 Nxe4 13.Bxe4 b5 14.Rb1 bxc4 15.bxc4 Qa5 
16.Bb2 Rb7 17.Ba1 Nb6 18.f5 Ra7 19.Qd3 Na4 20.Nxa4 
Qxa4 21.Bxg7 Kxg7 22.Qc3+ f6 23.Qb3 Qd7 24.Qb6 Rc8 
25.Rb2 g5 26.Rfb1 Rcc7 27.Bc2 h6 28.Qa5 Qe8 29.Bd1 
Qd7 30.g4 Qe8 31.R2b6 1-0

[Event "HCL-A2627"]
[Site "www.playchess.de"]
[Date "2006.03.15"]
[Round "7"]
[White "stevetilbury"]
[Black "PhilipKaveny"]
[WhiteElo "1607"]
[BlackElo "1324"]
[PlyCount "26"]
[Result "0-1"]

1.e4 g6 2.d4 d6 3.Bd3 c5 4.Nf3 cxd4 5.Nxd4 Bg7 
6.Ne2 Nf6 7.O-O O-O 8.f4 Nc6 9.c3 Ng4 10.h3 Qb6+ 
11.Kh1 Nf2+ 12.Rxf2 Qxf2 13.Na3 
e5 0-1

[Event "HCL-T266"]
[Site "www.playchess.de"]
[Date "2006.03.15"]
[Round "11"]
[White "stevetilbury"]
[Black "daveboy6968"]
[WhiteElo "1610"]
[BlackElo "940"]
[PlyCount "79"]
[Result "1-0"]

1.e4 e6 2.d4 d5 3.Nc3 Bb4 4.e5 c5 5.dxc5 {and 
again!}  Bxc5 {:-)}  6.Qg4 {London even}  g6 {:-) 
i knew where you meant :-)}  7.Bg5 Qd7 8.Bd3 a6 
9.Nf3 Bb4 10.Qxb4 b5 11.O-O Nc6 12.Qh4 Nge7 13.Bf6 
Rg8 14.Qxh7 b4 15.Na4 Rb8 16.Ng5 Rf8 17.Nc5 Qa7 
18.Nb3 Rb7 19.Bg7 Rg8 20.Bh6 Nxe5 21.Rae1 Nxd3 
22.Qxf7+ Kd8 23.cxd3 Re8 24.Qf4 Nf5 25.Nf3 Nxh6 
26.Qxh6 Rg8 27.Qg5+ Kd7 28.Ne5+ Kd6 29.d4 Rc7 
30.Qg3 Ke7 31.Nc5 g5 32.Qf3 Rxc5 33.Qf7+ Kd8 
34.Qxa7 Rc7 35.Qb6 Rf8 36.Rec1 Rf4 37.Qxc7+ Ke8 
38.Qxc8+ Ke7 39.Rc7+ Kf6 40.Rf7+ 1-0

[Event "HCL-C4156"]
[Site "www.playchess.de"]
[Date "2006.03.15"]
[Round "7"]
[White "O_Man"]
[Black "Idris"]
[WhiteElo "1129"]
[BlackElo "840"]
[PlyCount "67"]
[Result "1-0"]

1.e4 d5 2.exd5 Qxd5 3.Nc3 Qe6+ 4.Be2 Qf5 5.g4 Qe6 
6.f3 g6 7.d4 c6 8.Qd3 Bg7 9.d5 cxd5 10.Nxd5 Qc6 
11.Qe4 Be6 12.Bb5 Nf6 13.Bxc6+ Nxc6 14.Nc7+ Kd7 
15.Nxa8 Rxa8 16.Qd3+ Ke8 17.Bg5 Ne5 18.Qb5+ Ned7 
19.Qxb7 Bd5 20.Qb4 Nb6 21.O-O-O Bxa2 22.Bxf6 Bxf6 
23.Ne2 Bd5 24.Rxd5 Nxd5 25.Qb5+ Kf8 26.Qxd5 e6 
27.Qxa8+ Kg7 28.Rd1 h6 29.Rd7 h5 30.Qe8 Kh6 
31.Rxf7 Kg5 32.Qxe6 hxg4 33.Qxf6+ Kh6 
34.Qh4+ 1-0

[Event "HCL-A2565"]
[Site "www.playchess.de"]
[Date "2006.03.15"]
[Round "21"]
[White "SMLooking"]
[Black "val2005"]
[WhiteElo "1460"]
[BlackElo "1675"]
[PlyCount "80"]
[Result "0-1"]

1.d4 {hi, gl}  Nf6 {HELLO, GOOD LUCK...}  2.c4 e6 
3.Bg5 d5 4.Nc3 Be7 5.Nf3 Nbd7 6.e3 O-O 7.Bd3 a6 
8.O-O h6 9.Bh4 dxc4 10.Bxc4 b5 11.Bd3 Bb7 12.Rc1 
Rc8 13.a3 c5 14.dxc5 Nxc5 15.Ne5 Nxd3 16.Nxd3 Ne4 
17.Bxe7 Qxe7 18.Ne5 Nxc3 19.Rxc3 Rxc3 20.bxc3 Rd8 
21.Qg4 Qxa3 22.Qh5 Qe7 23.Qg4 Rd5 24.f4 Rd2 25.Nf3 
Rd3 26.f5 exf5 27.Qxf5 Qxe3+ 28.Kh1 Be4 29.Qc8+ 
Kh7 30.h3 Qe2 31.Re1 Rd1 32.Rxd1 Qxd1+ 33.Kh2 Qd6+ 
34.Kh1 Qc6 35.Qg4 f5 36.Qh4 Bxf3 37.gxf3 Qxf3+ 
38.Kh2 Qxc3 39.Qf4 Qf6 40.Kg2 Qg5+ 0-1

[Event "HCL-C4134"]
[Site "www.playchess.de"]
[Date "2006.03.15"]
[Round "2"]
[White "cg"]
[Black "Genesio"]
[WhiteElo "902"]
[BlackElo "1067"]
[PlyCount "60"]
[Result "0-1"]

1.e4 c5 {Welcome!}  2.c4 {you too, good game}  Nc6 
3.Nf3 e6 4.e5 g6 5.Nc3 Bg7 6.d3 {hi, I have to go 
now but return in two hours ok.}  Nge7 7.Bg5 Qb6 
8.b3 Nd4 9.Bxe7 Kxe7 10.Nxd4 cxd4 11.Nb5 Rd8 12.f4 
Kf8 13.Be2 a6 14.Nd6 Kg8 15.Nxc8 Raxc8 16.O-O d5 
17.cxd5 Rxd5 18.Bf3 Rdc5 19.Qe2 R5c2 20.Qe1 R8c3 
21.Qh4 Rxd3 22.Qe7 Rc7 23.Qe8+ Bf8 24.Rac1 Rdc3 
25.Rxc3 Rxc3 26.Rf2 d3 27.g4 Rc1+ 28.Kg2 Rc2 
29.Qd7 Qxf2+ 30.Kh3 Qxh2+ 0-1

[Event "HCL-C4120"]
[Site "www.playchess.de"]
[Date "2006.03.15"]
[Round "3"]
[White "cxstevec"]
[Black "n4337m"]
[WhiteElo "1276"]
[BlackElo "1464"]
[PlyCount "58"]
[Result "0-1"]

1.e4 {Hi, have a nice game}  e5 {likewise}  2.Nf3 
Nc6 3.Bb5 Nf6 4.O-O Bc5 5.c3 O-O 6.b4 Bb6 7.a4 a5 
8.Bxc6 bxc6 9.Nxe5 Nxe4 10.Qf3 Ng5 11.Qg3 axb4 
12.c4 Bd4 13.Ra2 b3 14.Qxb3 Bxe5 15.Bb2 Bxb2 
16.Qxb2 Ba6 17.d3 Re8 18.Nd2 Rb8 19.Qd4 d5 20.Qf4 
Re6 21.h4 Nh3+ 22.gxh3 Qd7 23.Rd1 Rbe8 24.Raa1 Bc8 
25.c5 Rg6+ 26.Kh1 Qxh3+ 27.Qh2 Qxd3 28.Nf1 Qe4+ 
29.Qg2 Qxg2+ 0-1

[Event "HCL-A2543"]
[Site "www.playchess.de"]
[Date "2006.03.15"]
[Round "21"]
[White "Marius_sah"]
[Black "GCP"]
[WhiteElo "1501"]
[BlackElo "1451"]
[PlyCount "63"]
[Result "1-0"]

1.e4 {Hi. Good luck!}  d6 {hello from Rome, have a 
good game}  2.d4 Nf6 3.Nc3 g6 4.f4 Bg7 5.Nf3 c5 
6.d5 O-O 7.h3 e6 8.Bc4 a6 9.a4 Nbd7 10.dxe6 fxe6 
11.Bxe6+ Kh8 12.Qxd6 Nb6 13.Qxd8 Rxd8 14.Bxc8 
Raxc8 15.O-O Rc7 16.a5 Nc8 17.e5 Nd5 18.Nxd5 Rxd5 
19.Be3 Ne7 20.Rad1 Rcd7 21.Rxd5 Rxd5 22.c4 Rd8 
23.Bxc5 Nc6 24.b4 Kg8 25.Bd6 h6 26.Nd2 Nd4 27.Ne4 
Ne2+ 28.Kh2 Kf7 29.f5 gxf5 30.Rxf5+ Ke6 31.g4 Nd4 
32.Nc5+ 1-0

[Event "HCL-A2624"]
[Site "www.playchess.de"]
[Date "2006.03.15"]
[Round "5"]
[White "bob19"]
[Black "victorabiodun03"]
[WhiteElo "1480"]
[BlackElo "1576"]
[PlyCount "60"]
[Result "0-1"]

1.d4 Nf6 2.c4 g6 3.Nf3 Bg7 4.Nc3 d6 5.h3 O-O 6.Bg5 
Nbd7 7.e3 c6 8.Be2 Qc7 9.O-O e5 10.Bd3 Re8 11.dxe5 
dxe5 12.Ne4 Nxe4 13.Bxe4 f5 14.Bc2 Nf8 15.Bh4 Be6 
16.c5 h6 17.Bb3 g5 18.Bg3 Rad8 19.Bxe6+ Nxe6 
20.Qb3 Kh7 21.Qc4 f4 22.exf4 exf4 23.Bh2 Rd5 
24.Rab1 Nxc5 25.Rbd1 Qf7 26.Rxd5 Qxd5 27.Qxd5 cxd5 
28.b3 d4 29.Rd1 Ne4 30.Ne1 Nc3 0-1

[Event "HCL-A2640"]
[Site "www.playchess.de"]
[Date "2006.03.15"]
[Round "2"]
[White "MimiSiku"]
[Black "Wernswig"]
[WhiteElo "1462"]
[BlackElo "1390"]
[PlyCount "65"]
[Result "1/2-1/2"]

1.e4 {Servus aus Würzburg! Hoffen wir mal auf ein 
nettes Spielchen...}  e5 {hallo, gruß aus der nähe 
von kassel}  2.Nf3 {Aha, auch einer von der A7... 
:-)}  Nf6 {die a7 ist 10 km von mir weg}  3.Nc3 
{Von mir in etwa auch. Hattet Ihr gestern auch so 
ein Schneechaos?}  Nc6 {nicht so schlimm wie in 
südhessen, aber bei liegt schon seit januar 
schnee}  4.Bb5 {Den hatten wir nicht, aber jetzt 
halt die ganze Jahresmenge auf einen Hub: Der 
stärkste Schneefall seit rund 30 Jahren!}  d6 {wir 
haben nicht viel schnee, maximal 15 cm, dafür fast 
dauerhaft und ich wohne nur auf 250 m höhe}  5.d3 
{Da habt ihr aber mehr als wir (im Normalfall). 
Allerdings liegen wir auch rund 50 m tiefer.}  Bd7 
{soviel schnee wie diesen winter hatten wir hier 
schon lange nicht mehr}  6.O-O {Stimmt, aber es 
taut schon wieder langsam...}  Be7 {ihr 
glücklichen, heute hat es schon wieder geschneit}  
7.Bg5 {Bei uns auch! Gerade jetzt abends werden 
die Flocken wieder dicker. Trotzdem is des nix 
gegen Donnerstag/Freitag.}  O-O {ich hoffe, daß 
das bald vorbei ist}  8.Re1 {Ich denke, schon. 
Außerdem hab ich 'ne Wette laufen, daß der Schnee 
bis zum Wochenende weggetaut ist. So, wie es jetzt 
ausschaut, werde ich die wohl gewinnen!}  Ne8 {da 
wünsch ich dir viel erfolg bei, notfalls mit einem 
Föhn nachhelfen}  9.Qd2 {Hast Du so 'nen großen? 
Er sollte natürlich auch sparsam sein...}  a6 
{strom kommt doch aus der steckdose}  10.Bc4 {Ach, 
bei Euch auch schon??? ;-)}  Nb4 {bei uns auch}  
11.Bxe7 {Aber noch net lange, oder? ;-)}  Qxe7 {ja 
früher als wir noch mit einer kurbel arbeiten 
mußten, das waren noch zeiten}  12.a3 {Wir hatten 
immerhin schon ein Laufrad...}  Nc6 {wurde bei uns 
wegen tierquälerei verboten, wegen den Hamster}  
13.Nd5 {Hamster bringen doch keine Leistung - wir 
hatten unsre Frauen drin! :-)}  Qd8 {harte sitten 
bei euch in franken}  14.Re3 {Ist aber seit der 
Emanzipation dank Alice Schwarzer auch rum... :-(} 
 Ne7 {wer weiß wofür das gut ist}  15.h3 {Also DIE 
Frage stell ich mir schon lange...}  c6 {da gibst 
einen schönen spruch bei uns, gott erhalte meine 
gesundheit und die schaffenskraft meiner frau}  
16.Nxe7+ {Den Spruch gibts bei uns 
auch.
Spielst Du im Verein?}  Qxe7 {ja, dieses jahr aber 
letzte saison in der mannschaft}  17.Nh2 {Wie soll 
ich das jetzt verstehen? Du bist dieses Jahr im 
Verein, spieltest letztes Jahr aber in der 
Mannschaft???}  Be6 {wir haben da ein ligabetrieb 
wie zum beispiel in der fußballbundesliga. bei uns 
in der klasse spielen 9 mannschaften. bester 
steigt auf, schlechtester steigt ab. und damit 
will ich nach dieser saison aufhören. im verein 
bleibe ich weiter.}  18.Bxe6 {Kenn ich - ist bei 
uns auch so. Wie heißt denn Dein Verein und in 
welcher Klasse seid Ihr?}  Qxe6 {ich spiele für 
den homberger schach verein in der bezirksliga und 
du}  19.Ng4 {Ich bin eine Klasse tiefer in der 
Kreisklasse für Arnstein am Brett. Auf unsrer HP 
www.sk79.de kannst Du Dich näher informieren, wenn 
Du Lust hast. Darf ich Dich nach Deiner DWZ 
fragen? Ich lieg momentan bei 1572 und werde 
dieses Jahr die 1600 erreichen.}  f5 {da werde ich 
blass, ich liege bei 1240}  20.exf5 {Dafür 
schlägst Du Dich hier aber ganz wacker! Allerdings 
spricht das nicht unbedingt für Euer Liganiveau, 
wenn Du mit 1240 Bezirksliga spielst...}  Rxf5 
{unsere mannschaft hat einen schnitt von knapp 
1500,damit sind wir 2 schlechteste mannschaft.die 
beste hat einen schnitt vonn 1800.letztes jahr ist 
unsere 3.mannschaft aufgelöst wurden und die 
spieler von der 3.(ich auch)kamen in die 2.}  
21.b3 {Knapp 1500? Das haben bei uns die 
Mannschaften in der A-Klasse. In der Bezirksliga 
herrscht schätzungsweise ein Schnitt von 
1700-1800.}  Nf6 {bei uns zwischen 1600 und 1800. 
nur zwei mannschaften haben weniger. dafür haben 
wir den klassenerhalt vor dem letzten spiel schon 
gesichert
}  22.Nxf6+ Qxf6 23.Rf1 {Das ist doch auch schon 
was wert. Wir haben es quasi auch geschafft: 4 
Punkte Vorsprung bei noch 2 Spielen sollte wohl 
reichen...}  Rf8 {wir müssen sonntag in einer 
woche gegen den tabellenletzten antreten, da 
dürfte eigentlich noch was drin sein.}  24.Re2 
{Wir haben unser letztes Spiel auch gegen den 
letzten - Gegen die ist immer was drin!}  Qg6 
{morgen komme ich bei dir mal vorbei,zu mindest 
auf der a7}  25.Qe3 {"vorbei" halt :-) was willst 
du denn bei uns im regen?}  R5f3 {wir wollen nach 
österreich eine maschinenfabrik bestichtigen und 
auf dem hinweg wollen wir nach nürnberg ins 
spielzeugmuseum}  26.Qb6 {Na, dann wünsche ich dir 
mal viel Spaß dabei!}  R3f7 {dem werden wir wohl 
haben}  27.Kh1 {Da hatte ich jetzt ja nochmal 
richtig Glück: Du hättest den Bauern auf h3 
verspeisen können!}  Qh5 {das habe ich gesehen, du 
kannst dann denn b und a bauern abräumen}  28.f3 
{Aber du hast dafür den Königsangriff. Der ist 
doch viel mehr wert!}  Qg5 {und mit f3 ist alles 
vorbei}  29.Qa5 Qg3 30.Qe1 {Du solltest etwas 
optimistischer denken! Ich hatte am Sonntag ein 
Spiel gegen einen stärkeren Gegner, in dem ich 
sehr riskant agierte. Dieser machte sich vor Angst 
fast in die Hose... Psychologie ist beim Schach 
die halbe Miete!}  Qg6 {dazu gibts ein schönes 
buch, was sich nur mit psychologie beim schach 
beschäfftigt, gegner unterm tisch treten und so}  
31.Ref2 R7f4 32.Qe2 {Na, sowas machen wir doch 
net! Aber trotzdem: Wie heißt denn das Buch?}  Rh4 
{denn namen muß erfragen, eine kumpel hat das buch 
und hat es mir beim letzten wettkampf gezeigt}  
33.Qe3 {(offering draw) Komm, lass uns remisieren. 
Ist doch eh nur noch 'ne Hin- und Herzieherei!} 
 1/2-1/2

[Event "HCL-B3877"]
[Site "www.playchess.de"]
[Date "2006.03.15"]
[Round "9"]
[White "hovis"]
[Black "tbouma"]
[WhiteElo "1200"]
[BlackElo "1151"]
[PlyCount "47"]
[Result "1-0"]

1.Nf3 Nc6 2.d4 d5 3.e3 Nf6 4.c3 Ne4 5.Nbd2 Bf5 
6.Nxe4 Bxe4 7.Bd3 Bxd3 8.Qxd3 e6 9.O-O Bd6 10.Re1 
Qf6 11.e4 dxe4 12.Rxe4 Ne7 13.Bg5 Qg6 14.Bxe7 Bxe7 
15.Ne5 Qh5 16.Qb5+ c6 17.Qxb7 O-O 18.Qxe7 f5 
19.Qxe6+ Kh8 20.Rf4 Rae8 21.Qxc6 Qe2 22.Qd6 Rf6 
23.Qd5 Re7 24.Qd8+ 1-0

[Event "HCL-A2627"]
[Site "www.playchess.de"]
[Date "2006.03.15"]
[Round "19"]
[White "PhilipKaveny"]
[Black "mrchess"]
[WhiteElo "1324"]
[BlackElo "1416"]
[PlyCount "94"]
[Result "0-1"]

1.e4 c5 2.Nf3 Nc6 3.Bc4 d6 4.O-O Bg4 5.Bxf7+ Kd7 
6.h3 Bxf3 7.Qxf3 Ne5 8.Qf5+ Kc7 9.Na3 Rc8 10.Be6 
Nh6 11.Nb5+ Kb6 12.Qh5 {What fun}  Kxb5 13.Bxc8 
Qxc8 14.Qe2+ Kc6 15.f4 Nd7 16.d4 b6 17.d5+ Kb7 
18.a4 g6 19.a5 Bg7 20.axb6 Kxb6 21.Bd2 {You play 
like the classic player Steintz  He was world 
champion before lasker}  Nb8 {nice to hear}  
22.Ba5+ Kb7 23.Qb5+ Ka8 24.Bc3 Bd4+ 25.Bxd4 cxd4 
26.Ra3 a6 27.Qd3 Qc5 28.Rfa1 {welcome 
back
}  Kb7 29.b4 Qb6 30.Kh2 Rf8 31.g3 Nf7 32.b5 axb5 
33.Rb3 Kc8 34.Rxb5 Qc7 35.Rab1 Nd8 36.Qxd4 Qxc2+ 
37.Kh1 Nd7 38.Qb4 Qe2 39.Rb8+ Nxb8 40.Qxb8+ Kd7 
41.Qb4 Qf3+ 42.Kh2 Qf2+ 43.Kh1 Ke8 44.Qb5+ Kf7 
45.Qb3 Kg8 46.Rb2 Qe1+ 47.Kh2 Qxe4 0-1

[Event "HCL-M883"]
[Site "www.playchess.de"]
[Date "2006.03.15"]
[Round "16"]
[White "luciano59"]
[Black "temple"]
[WhiteElo "2269"]
[BlackElo "1731"]
[PlyCount "51"]
[Result "1-0"]

1.e4 e5 2.f4 d5 3.exd5 Qxd5 4.Nc3 Qa5 5.Nf3 exf4 
6.d4 Bb4 7.Bd3 Ne7 8.O-O O-O 9.Ne2 c6 10.c3 Bd6 
11.Bxf4 Bxf4 12.Nxf4 Ng6 13.Bxg6 hxg6 14.Qb3 Qb6 
15.Nxg6 Qxb3 16.Ne7+ Kh7 17.axb3 f6 18.Rae1 Bd7 
19.Re4 g5 20.Nxg5+ Kg7 21.Ne6+ Bxe6 22.Rxe6 Nd7 
23.Nf5+ Kg6 24.Re3 Rfh8 25.Rg3+ Kf7 
26.Rg7+ 1-0

[Event "HCL-E1561"]
[Site "www.playchess.de"]
[Date "2006.03.16"]
[Round "17"]
[White "scylla"]
[Black "Vinci"]
[WhiteElo "1523"]
[BlackElo "1561"]
[PlyCount "46"]
[Result "0-1"]

1.e4 e6 {nice game}  2.d4 d5 3.Nc3 Bb4 4.e5 c5 
5.f4 Qh4+ 6.g3 Qe7 7.a3 Ba5 8.Nf3 Nc6 9.Bb5 cxd4 
10.Nxd4 Bd7 11.Nxc6 bxc6 12.Be2 Nh6 13.Bd2 Rb8 
14.b4 Bb6 15.a4 Nf5 16.Bg4 Ne3 17.Bxe3 Bxe3 18.Qe2 
Bd4 19.Nxd5 cxd5 20.Rb1 Rxb4 21.Rxb4 Qxb4+ 22.Kf1 
Bxa4 23.Kg2 O-O 0-1

[Event "HCL-T262"]
[Site "www.playchess.de"]
[Date "2006.03.16"]
[Round "10"]
[White "taroak"]
[Black "DaLyrik"]
[WhiteElo "1375"]
[BlackElo "760"]
[PlyCount "47"]
[Result "1-0"]

1.e4 e5 2.Nf3 Nc6 3.Bc4 Nf6 4.Ng5 Bc5 5.Bxf7+ Kf8 
6.d4 Bxd4 7.O-O h6 8.c3 Bxf2+ 9.Rxf2 hxg5 10.Bg6 
d6 11.Bxg5 Bg4 12.Qxg4 Qe7 13.Nd2 Kg8 14.Bxf6 gxf6 
15.Raf1 Rh6 16.Bh5+ Kf8 17.Qh4 Nd8 18.Nc4 Nf7 
19.Ne3 Rh7 20.Nd5 Qd8 21.R2xf6 c6 22.R6xf7+ Rxf7 
23.Rxf7+ Kg8 24.Qg4+ 1-0

[Event "HCL-E1566"]
[Site "www.playchess.de"]
[Date "2006.03.16"]
[Round "2"]
[White "Baldrick"]
[Black "alldrix"]
[WhiteElo "1703"]
[BlackElo "1624"]
[PlyCount "47"]
[Result "1-0"]

1.e4 {Hello again!}  e6 {hello again! how 's your 
family?}  2.d3 {Fine thanks. How's yours?}  d5 
{fine too :)}  3.Nd2 {Good!}  dxe4 4.dxe4 Bc5 
5.Ngf3 Nf6 6.Bd3 O-O 7.Nb3 Bb6 8.O-O Nc6 9.e5 Ng4 
10.Bf4 f5 11.exf6 Nxf6 12.Qe2 Ne7 13.Rad1 Ned5 
14.Bg5 Qe8 15.c4 Nb4 16.c5 Nxa2 17.cxb6 axb6 
18.Rfe1 Nb4 19.Bc4 h6 20.Bxf6 Rxf6 21.Nbd4 Qg6 
22.Nxe6 Bxe6 23.Bxe6+ Kh8 24.Qe4 1-0

[Event "HCL-C4148"]
[Site "www.playchess.de"]
[Date "2006.03.16"]
[Round "6"]
[White "Genesio"]
[Black "epenz"]
[WhiteElo "1067"]
[BlackElo "951"]
[PlyCount "51"]
[Result "1-0"]

1.e4 {Hello!}  e5 {hi}  2.Nf3 Nc6 3.c3 d6 4.d4 Bg4 
5.d5 Nce7 6.Bb5+ c6 7.Ba4 Qc7 8.O-O Nf6 9.Nbd2 
Bxf3 10.Nxf3 g6 11.Bg5 Bg7 12.dxc6 bxc6 13.b4 O-O 
14.Rb1 Nxe4 15.Bxe7 Qxe7 16.Bxc6 Rac8 17.Bxe4 Rxc3 
18.Rc1 Rcc8 19.Rxc8 Rxc8 20.Qd5 Rc2 21.Bxc2 Qc7 
22.Rc1 Qe7 23.Qa8+ Bf8 24.Bb3 Kg7 25.Rc8 e4 
26.Re8 1-0